Text book of machine design (Record no. 141504)

MARC details
000 -LEADER
fixed length control field 00349nam a2200145Ia 4500
008 - FIXED-LENGTH DATA ELEMENTS--GENERAL INFORMATION
fixed length control field 230917s9999||||xx |||||||||||||| ||und||
040 ## - CATALOGING SOURCE
-- 114933
Original cataloging agency VIVEKANANDA LIBRARY
041 ## - Language
-- English
082 ## - DDC NUMBER
Classification number 621.815 K529T
100 ## - MAIN ENTRY--PERSONAL NAME
Personal name Khurmi, R S
245 #0 - TITLE STATEMENT
Title Text book of machine design
260 ## - PUBLICATION, DISTRIBUTION, ETC. (IMPRINT)
Place of publication, distribution, etc New Delhi
Name of publisher, distributor, etc S Chand
Date of publication, distribution, etc 2008
300 ## - PHYSICAL DESCRIPTION
Pages 1230 p.
942 ## - ADDED ENTRY ELEMENTS (KOHA)
Koha item type Books
Holdings
Withdrawn status Lost status Damaged status Not for loan Location (home branch) Sublocation or collection (holding branch) Shelving location Date acquired Koha issues (times borrowed) Koha full call number Accession No. Koha date last seen Koha item type
        VIVEKANANDA LIBRARY VIVEKANANDA LIBRARY UIET Library 24/04/2008   621.815 K529T 247949 17/09/2023 Books
        VIVEKANANDA LIBRARY VIVEKANANDA LIBRARY UIET Library 24/04/2008 5 621.815 K529T 247950 15/12/2025 Books
        VIVEKANANDA LIBRARY VIVEKANANDA LIBRARY UIET Library 24/04/2008 6 621.815 K529T 247951 21/05/2024 Books
        VIVEKANANDA LIBRARY VIVEKANANDA LIBRARY UIET Library 24/04/2008 2 621.815 K529T 247952 22/05/2024 Books
        VIVEKANANDA LIBRARY VIVEKANANDA LIBRARY UIET Library 24/04/2008   621.815 K529T 247953 17/09/2023 Books
        VIVEKANANDA LIBRARY VIVEKANANDA LIBRARY UIET Library 24/04/2008 3 621.815 K529T 247954 31/01/2025 Books
        VIVEKANANDA LIBRARY VIVEKANANDA LIBRARY UIET Library 24/04/2008 1 621.815 K529T 247955 23/05/2024 Books
        VIVEKANANDA LIBRARY VIVEKANANDA LIBRARY UIET Library 24/04/2008 5 621.815 K529T 247956 23/05/2025 Books
        VIVEKANANDA LIBRARY VIVEKANANDA LIBRARY UIET Library 24/04/2008   621.815 K529T 247957 17/09/2023 Books
        VIVEKANANDA LIBRARY VIVEKANANDA LIBRARY UIET Library 24/04/2008 3 621.815 K529T 247958 15/12/2025 Books
        VIVEKANANDA LIBRARY VIVEKANANDA LIBRARY UIET Library 24/04/2008 6 621.815 K529T 247959 26/09/2025 Books
        VIVEKANANDA LIBRARY VIVEKANANDA LIBRARY UIET Library 24/04/2008 9 621.815 K529T 247960 18/03/2025 Books
        VIVEKANANDA LIBRARY VIVEKANANDA LIBRARY UIET Library 24/04/2008 6 621.815 K529T 247961 21/05/2025 Books
        VIVEKANANDA LIBRARY VIVEKANANDA LIBRARY UIET Library 24/04/2008 3 621.815 K529T 247962 26/11/2025 Books
        VIVEKANANDA LIBRARY VIVEKANANDA LIBRARY UIET Library 24/04/2008   621.815 K529T 247963 17/09/2023 Books
© Designed and Maintained by Vivekananda Library, MDU Rohtak